Podkarpackie - prawda czy fałsz? - Statystyki

Ogólne statystyki
  • Ten quiz został rozwiązany 146 razy
    131 od ostatniego zresetowania
  • Średni wynik to 11 z 15
Statystyki odpowiedzi
Zagadnienie Odpowiedź % Poprawnych
Stolicą województwa jest Przemyśl Fałsz
98%
Tablice rejestracyjne zaczynają się tutaj na literę R Prawda
93%
Znajdują się tutaj Bieszczady Prawda
90%
Województwo graniczy z 4 Polskimi województwami Fałsz
88%
Posiada Park Narodowy Prawda
88%
Znajduje się tu obiekt wpisany na listę Unesco Prawda
86%
Graniczy z 3 państwami Fałsz
83%
Pochodzi z stąd Jarosław Kaczyński Fałsz
81%
Posiada największe sztuczny zbiornik wodny w Polsce Prawda
81%
Znajduje się tu chodź jeden klub występujący w Ekstraklasie Prawda
71%
Ewa Leniart jest wojewodą województwa Fałsz
57%
Posiada miasto powyżej 200 tysięcy mieszkańców Fałsz
57%
Posiada 2 okręgi wyborcze do sejmu Prawda
50%
Lubaczowski to największy powiat województwa Prawda
48%
Płynie tutaj jedna z 3 największych rzek w Polsce Prawda
45%
Nie znaleziono quizów pasujących do podanych kryteriów
Rozkład punktacji
Procent ludzi z każdym wynikiem
Percentyl według liczby udzielonych odpowiedzi
Twoja historia wyników
Nie rozwiązałeś tego quizu od ostatniego zresetowania